000
00295nam a2200109Ia 4500
008
230907s9999||||xx |||||||||||||| ||und||
082
_a
660.2
_b
HIM
245
0
_a
Basic principles and calculations in chemical engineering /
260
_a
Pearson,
_b
Noida :
_c
2016
300
_a
945 p.
942
_c
BK
999
_c
601295
_d
601295